| 000 | 00000nam##2200000za#4500 |
| 001 | 9.574463 |
| 003 | CaOODSP |
| 005 | 20210624184209 |
| 007 | cr ||||||||||| |
| 008 | 150406|2007||||xxc|||||o f|0| 0 eng|d |
| 040 | |aCaOODSP|beng |
| 043 | |an-cn--- |
| 086 | 1 |aIN5-1/6-2007E-PDF |
| 110 | 1 |aCanada. |bOffice of the Superintendent of Financial Institutions Canada. |bOffice of the Chief Actuary. |
| 245 | 10|aOptimal funding of the Canada Pension Plan |h[electronic resource] |
| 260 | |aOttawa - Ontario : |bOffice of the Superintendent of Financial Institutions. |
| 300 | |a60p.|bfigs., tables |
| 490 | 1 |aActuarial study |vNo. 6, April 2007 |
| 504 | |aBibliography. |
| 590 | |a12-28-Supp|b2012-06-15 |
| 775 | 08|tCapitalisation optimale du Régime de pensions du Canada |w(CaOODSP)9.604205 |
| 830 | #0|aActuarial study ;|vNo. 6, April 2007|w(CaOODSP)9.506159 |
| 856 | 40|ahttp://publications.gc.ca|qPDF|s428 KB|uhttps://publications.gc.ca/collections/collection_2012/bsif-osfi/IN5-1-6-2007-eng.pdf|yNo. 6, April 2007 |